Memoires d'outre-tombre
Αποθηκεύτηκε σε:
| Κύριος συγγραφέας: | |
|---|---|
| Άλλοι συγγραφείς: | |
| Μορφή: | Βιβλίο |
| Γλώσσα: | French |
| Δημοσίευση: |
Paris :
Flammarion,
c1997.
|
| Θέματα: | |
| Ετικέτες: |
Προσθήκη ετικέτας
Δεν υπάρχουν, Καταχωρήστε ετικέτα πρώτοι!
|
MARC
| LEADER | 00000cam a2200000 i 4500 | ||
|---|---|---|---|
| 001 | 1/559 | ||
| 008 | 000405s1997 fr | ||| |||| ||fre|| | ||
| 020 | |a 2080709062 | ||
| 035 | |l 10059704 | ||
| 040 | |a GR-MyUa |b gre |e AACR2 | ||
| 041 | 0 | |a fre | |
| 082 | 7 | |a 944.05 |2 (22) | |
| 100 | 1 | |a Chateaubriand, Francois-Rene, |c vicomte de, |d 1768-1848. | |
| 245 | 1 | 0 | |a Memoires d'outre-tombre / |c Chateaubriand ; chronologie, presentation, notes, dossier, bibliographie par Nicolas Perot. |
| 260 | |a Paris : |b Flammarion, |c c1997. | ||
| 300 | |a 345 σ. ; |c 18 εκ. | ||
| 504 | |a Περιλαμβάνει βιβλιογραφία. | ||
| 508 | |a Livres I à V. | ||
| 600 | 0 | 0 | |a Napoleon |b I, |c Emperor of the French, |d 1769-1821. |
| 651 | 0 | |a France |x History |y Consulate and First Empire, 1799-1815. | |
| 700 | 1 | |a Perot, Nicolas. | |
| 852 | |a INST |b RHODES |e 20000405 |h 944.05092 CHA |p 005400013368 |q 005400013368 |t BK |y 0 | ||
| 901 | |a BIBL4-2000-2 | ||
| 922 | |a 4ΕΛΗ |b 200002 |c ΚΠΣ/154 |d GLORY BOOKS | ||
| 970 | |z 2000/04/05 | ||